000 00653nam a2200193 4500
001 107787
003 ES-MaACL
005 20230906184506.0
007 t|
008 061121s1971 sp r ||||1| spa d
100 1 _aMottez, Bernard.
_983839
245 1 0 _aSistemas de salario y política patronal /
_cBernard Mottez; introducción a la edción castellana por Ignasi Pons i Antón; versión de Juan José Enriquez.
250 _a1ª. ed.
260 _aBarcelona :
_bNora Terra,
_c1971.
300 _a247 p. ;
_c21 cm.
700 1 _aPons i Antón, Ignasi.
_993019
700 1 _aEnríquez, Juan José.
_947279
852 _aES-MaACL
_jC-44235
_bR.77339
999 _c107787
_d107787